Essere genitori oggi (Record n. 209839)
[ formato base ]
| 000 -LEADER | |
|---|---|
| fixed length control field | 01426nam a2200205Ia 4500 |
| 001 - CONTROL NUMBER | |
| control field | b7134-53221 |
| 003 - CONTROL NUMBER IDENTIFIER | |
| control field | IT-MiCISF |
| 008 - FIXED-LENGTH DATA ELEMENTS--GENERAL INFORMATION | |
| fixed length control field | 161014s9999||||xx |||||||||||||| ||und|| |
| 040 ## - CATALOGING SOURCE | |
| Original cataloging agency | IT-MiCISF |
| Transcribing agency | IT-MiCISF |
| 041 ## - LANGUAGE CODE | |
| Language code of text/sound track or separate title | it |
| 999 ## - SYSTEM CONTROL NUMBERS (KOHA) | |
| Koha Dewey Subclass [OBSOLETE] | si |
| 100 ## - MAIN ENTRY--PERSONAL NAME | |
| Personal name | Braconnier Alain |
| 245 #0 - TITLE STATEMENT | |
| Title | Essere genitori oggi |
| Remainder of title | I consigli di un grande psichiatra: amore, buon senso e logica |
| 250 ## - EDITION STATEMENT | |
| Edition statement | 1a ed. |
| 260 ## - PUBLICATION, DISTRIBUTION, ETC. (IMPRINT) | |
| Place of publication, distribution, etc. | Milano |
| Name of publisher, distributor, etc. | FrancoAngeli |
| Date of publication, distribution, etc. | 2012 |
| 300 ## - PHYSICAL DESCRIPTION | |
| Extent | pp. 201 |
| 500 ## - GENERAL NOTE | |
| General note | / genitorialità, figli-piccoli, figli-adolescenti, educazione-bambini, educazione-genitori, autorità / Se essere un genitore perfetto è Impossibile, secondo l'A. - famoso psichiatra francese - è tuttavia possibile diventare un bravo genitore, imparando alcuni piccoli "segreti": riuscire a dosare amore, buon senso e logica; imparare a pensare ai propri figli ma anche a se stessi, guardando il mondo attraverso i loro occhi, ma anche attraverso i propri; saper favorire le risate, senza farsi sconvolgere dai pianti; fare le coccole al momento giusto e punire quando è indispensabile. L'educazione dei figli si costruisce su tre pilastri fondamentali: l'autostima, il senso di responsabilità e il buonumore, coltivando l'ironia più che la rabbia, imparando a servirsi del potere della persuasione più che di quello della coercizione, praticando il soft-power e non l'hard-power. |
| 650 ## - SUBJECT ADDED ENTRY--TOPICAL TERM | |
| Topical term or geographic name as entry element | genitorialità |
| 942 ## - ADDED ENTRY ELEMENTS (KOHA) | |
| Koha item type | LIBRO |
| 957 ## - | |
| -- | 1 |
| 999 ## - SYSTEM CONTROL NUMBERS (KOHA) | |
| -- | 1 |
| Withdrawn status | Lost status | Damaged status | Not for loan | Home library | Current library | Date acquired | Total Checkouts | Full call number | Date last seen | Price effective from | Koha item type | Public note |
|---|---|---|---|---|---|---|---|---|---|---|---|---|
| Buone Condizioni | Not For Loan | CISF - Milano | CISF - Milano | 14/10/2016 | b7134-53221 | 14/10/2016 | 14/10/2016 | LIBRO | Data import 15.10.2016 / by Epidotti, Vaglietti |